000 00975nac a22003257a 4500
001 BR2010001433
003 BR-BrBNA
005 20240105123816.0
008 230509b bl.|||m| |||| 00| 0 por d
040 _aBR-BrBNA
_bpor
_cBiblioteca Nacional de Agricultura
072 _aF08; K50; K10
090 _a8915 BR2010001433
100 1 _aDuboc, E.
110 1 _aEMBRAPA Cerrados, Planaltina, DF (Brasil)
245 1 _aO cerrado e o setor florestal brasileiro
260 3 _aPlanaltina, DF (Brasil):
_c2008.
300 _a42 p.
490 _aDocumentos - EMBRAPA Cerrados (Brazil)
_vno. 218
_xISSN 1517-5111
500 _aSummaries (En, Pt); 6 illus.; 49 ref.
650 _aSETOR FLORESTAL
650 _aPRODUÇÃO FLORESTAL
650 _aMADEIRA SERRADA
650 _aCELULOSE
650 _aCARVÃO VEGETAL
650 _aLENHA
650 _aMEIO AMBIENTE
650 _aCERRADO
909 _a202312
_bLúcia Elande
_c55
_dLúcia Elande
942 _2AGRIS
_n0
_cMS
999 _c297085
_d297085